000 00840nam a22002177a 4500
003 0
005 20220929110014.0
008 220929b |||||||| |||| 00| 0 fre. d
040 _aBUAC
_bFre.
_cBEPAC
100 _aADJAKPE C. Paulin
245 _aEtude de faisabilité pour l'électrification par raccordement aux réseaux conventionnels de la SBEE de la localité de Tanga-Todo dans la commune d'Allada
_c/par C. Paulin ADJAKPE ; Wilfried ADJIBA ; Vincent HOUNDEDAKO
260 _aAbomey-Calavi :
_bEcole polytechnique d'Abomey-Calavi ;
_c 2021
300 _a1-71 p.
_c30 cm.
500 _aRapport(GE) /EPAC / UAC
650 _aÉlectrification
650 _aRéseaux conventionnels
650 _aTanga-Todo
700 _aADJIBA, Wilfried
_eTuteur
700 _aHOUNDEDAKO, Vincent
_eMaître de mémoire
942 _2ddc
_cTHE
999 _c62412
_d62412